000
00346 a2200169 4500
001
192438
020
_a
85-08-0287-X
040
_c
Magnum
100
_a
Furnari, Eva
240
1
0
_a
De vez em quando
_l
por
245
1
0
_a
De vez em quando
300
_a
16
362
0
_a
1997
440
1
_a
Ática
697
_a
LITERATURA INFANTIL
942
_c
BK
999
_c
192438
_d
192438